Wszyscy piłkarze powołani na Euro 2020 - Statystyki

Ogólne statystyki
  • Ten quiz został rozwiązany 118 razy
  • Średni wynik to 152 z 614
Statystyki odpowiedzi
Reprezentacja Numer Zawodnik % Poprawnych
21 Gianluigi Donnarumma
89%
19 Leonardo Bonucci
79%
18 Dominic Calvert-Lewin
76%
3 Giorgio Chiellini
76%
14 Federico Chiesa
74%
7 Kevin De Bruyne
74%
18 Nicolò Barella
74%
9 Robert Lewandowski
74%
11 Gareth Bale
69%
8 David Alaba
68%
10 Kylian Mbappé
68%
16 Rodri
68%
5 John Stones
66%
10 Luka Modrić
66%
Belgia 1 Thibaut Courtois
66%
Polska 1 Wojciech Szczęsny
66%
7 Cristiano Ronaldo
65%
19 Karim Benzema
65%
5 Manuel Akanji
65%
Szwajcaria 1 Yann Sommer
65%
10 Bernardo Silva
63%
6 Paul Pogba
63%
25 Pedri
63%
20 Piotr Zieliński
63%
9 Romelu Lukaku
63%
9 André Silva
61%
11 Bruno Fernandes
61%
10 Grzegorz Krychowiak
61%
9 Harry Kane
61%
13 N'Golo Kanté
61%
15 Rafa Silva
61%
22 Rui Silva
61%
7 Álvaro Morata
60%
7 Antoine Griezmann
60%
25 Bukayo Saka
60%
10 Granit Xhaka
60%
8 Jorginho
60%
6 Andreas Christensen
58%
10 Christian Eriksen
58%
20 Edimilson Fernandes
58%
15 Francesco Acerbi
58%
6 Harry Maguire
58%
2 Kyle Walker
58%
Niemcy 1 Manuel Neuer
58%
2 Mário Fernandes
58%
7 Marko Arnautović
58%
23 Alessandro Bastoni
56%
23 Emre Can
56%
20 Frenkie de Jong
56%
18 Jordi Alba
56%
15 Kamil Glik
56%
9 Luuk de Jong
56%
8 Mateo Kovačić
56%
23 Xherdan Shaqiri
56%
14 Connor Roberts
55%
5 Jan Bednarek
55%
3 Luke Shaw
55%
6 Marco Verratti
55%
4 Rúben Dias
55%
9 Tyler Roberts
55%
3 Andrew Robertson
53%
21 Denzel Dumfries
53%
11 Ferran Torres
53%
14 Jamal Musiala
53%
Anglia 1 Jordan Pickford
53%
7 Kai Havertz
53%
10 Lorenzo Insigne
53%
10 Memphis Depay
53%
11 Ousmane Dembélé
53%
4 Pau Torres
53%
20 Phil Foden
53%
5 Sergio Busquets
53%
8 Toni Kroos
53%
24 Aymeric Laporte
52%
7 Breel Embolo
52%
5 Duje Ćaleta-Car
52%
Francja 1 Hugo Lloris
52%
7 Jack Grealish
52%
25 Jérémy Doku
52%
21 Lucas Hernández
52%
11 Marcus Rashford
52%
4 Raphaël Varane
52%
25 Thomas Müller
52%
23 Unai Simón
52%
2 Antonio Rüdiger
50%
18 Bartosz Bereszyński
50%
20 Daniel James
50%
19 Dani Olmo
50%
10 Eden Hazard
50%
21 İlkay Gündoğan
50%
8 Jordan Henderson
50%
26 Jude Bellingham
50%
11 Karol Świderski
50%
19 Leroy Sané
50%
5 Manuel Locatelli
50%
10 Raheem Sterling
50%
24 Reece James
50%
16 Thorgan Hazard
50%
26 Alex Meret
48%
17 Ciro Immobile
48%
4 Declan Rice
48%
11 Domenico Berardi
48%
20 Kingsley Coman
48%
12 Łukasz Skorupski
48%
3 Matthijs de Ligt
48%
17 Ołeksandr Zinczenko
48%
13 Ricardo Rodríguez
48%
2 Benjamin Pavard
47%
22 Fabian Schär
47%
2 Giovanni Di Lorenzo
47%
9 Haris Seferović
47%
4 Nathan Aké
47%
10 Patrik Schick
47%
10 Serge Gnabry
47%
6 Stefan de Vrij
47%
25 Cody Gakpo
45%
12 Danny Ward
45%
Chorwacja 1 Dominik Livaković
45%
21 Gregor Kobel
45%
6 Joshua Kimmich
45%
25 Joško Gvardiol
45%
22 Łukasz Fabiański
45%
9 Marcel Sabitzer
45%
9 Olivier Giroud
45%
15 Tomáš Souček
45%
14 Adrien Rabiot
44%
25 Jules Koundé
44%
Portugalia 1 Rui Patrício
44%
Włochy 1 Salvatore Sirigu
44%
4 Simon Kjær
44%
9 Andrea Belotti
42%
17 Burak Yılmaz
42%
4 Ivan Perišić
42%
8 Karol Linetty
42%
12 Kasper Dolberg
42%
8 Koke
42%
3 Presnel Kimpembe
42%
4 Scott McTominay
42%
26 Tymoteusz Puchacz
42%
10 Aaron Ramsey
40%
11 Alexander Isak
40%
6 Axel Witsel
40%
Hiszpania 1 David de Gea
40%
10 Emil Forsberg
40%
9 Gerard Moreno
40%
8 Harry Wilson
40%
5 Jan Vertonghen
40%
23 João Félix
40%
14 Kalvin Phillips
40%
6 Kieran Tierney
40%
4 Leonardo Spinazzola
40%
18 Leon Goretzka
40%
14 Milan Škriniar
40%
17 Przemysław Płacheta
40%
18 Rıdvan Yılmaz
40%
20 Róbert Mak
40%
11 Andreas Skov Olsen
39%
10 Hakan Çalhanoğlu
39%
Dania 1 Kasper Schmeichel
39%
Finlandia 1 Lukáš Hrádecký
39%
11 Marcelo Brozović
39%
5 Mats Hummels
39%
3 Merih Demiral
39%
14 Mikkel Damsgaard
39%
3 Pepe
39%
Szwecja 1 Robin Olsen
39%
18 Rúben Neves
39%
10 Teemu Pukki
39%
9 Andrej Kramarić
37%
6 Denis Zakaria
37%
18 Jonny Williams
37%
13 Kieffer Moore
37%
26 Marcus Thuram
37%
23 Mike Maignan
37%
3 Neco Williams
37%
Węgry 1 Péter Gulácsi
37%
11 Yannick Carrasco
37%
17 Aleksandr Gołowin
35%
3 Diego Llorente
35%
21 Domagoj Vida
35%
20 Federico Bernardeschi
35%
17 Jadon Sancho
35%
24 Jakub Świerczok
35%
21 Kamil Jóźwiak
35%
12 Kieran Trippier
35%
24 Leandro Trossard
35%
6 Marcos Llorente
35%
25 Nuno Mendes
35%
16 Steve Mandanda
35%
7 Andrij Jarmołenko
34%
26 Artem Dowbyk
34%
22 Artiom Dziuba
34%
19 Christoph Baumgartner
34%
14 Dries Mertens
34%
5 Joakim Mæhle
34%
11 Michael Gregoritsch
34%
19 Przemysław Frankowski
34%
15 Thomas Meunier
34%
11 Timo Werner
34%
4 Tomasz Kędziora
34%
6 Willi Orbán
34%
8 Youri Tielemans
34%
15 Ethan Ampadu
32%
17 Fabián Ruiz
32%
10 Goran Pandew
32%
19 Kevin Varga
32%
12 Matteo Pessina
32%
4 Nico Elvedi
32%
8 Ondrej Duda
32%
13 Robert Sánchez
32%
17 Roland Varga
32%
21 Stefan Lainer
32%
20 Yussuf Poulsen
32%
16 Bryan Cristante
31%
16 Dávid Hancko
31%
21 Dejan Kulusevski
31%
21 Diogo Jota
31%
6 Glen Kamara
31%
16 Jakub Moder
31%
25 János Hahn
31%
Słowacja 1 Martin Dúbravka
31%
21 Mikel Oyarzabal
31%
8 Remo Freuler
31%
20 Robin Gosens
31%
Walia 1 Wayne Hennessey
31%
21 Adam Davies
29%
19 Adam Hložek
29%
8 Ádám Nagy
29%
4 Ben Davies
29%
12 Bernd Leno
29%
20 Bruno Petković
29%
10 Che Adams
29%
6 Dejan Lovren
29%
13 Emerson
29%
8 Georginio Wijnaldum
29%
7 Joe Allen
29%
24 Jurriën Timber
29%
13 Maciej Rybus
29%
17 Marek Hamšík
29%
3 Paweł Dawidowicz
29%
17 Rhys Norrington-Davies
29%
11 Ruben Vargas
29%
22 Stanislav Lobotka
29%
21 Timothy Castagne
29%
19 Wout Weghorst
29%
13 Aaron Ramsdale
27%
9 Ádám Szalai
27%
4 Attila Szalai
27%
23 Billy Gilmour
27%
13 Danilo Pereira
27%
9 Martin Braithwaite
27%
25 Michał Helik
27%
15 Niklas Süle
27%
22 Pablo Sarabia
27%
5 Raphaël Guerreiro
27%
16 Renato Sanches
27%
6 Taras Stepanenko
27%
23 Teun Koopmeiners
27%
2 Toby Alderweireld
27%
15 Aleksiej Miranczuk
26%
12 Anthony Lopes
26%
5 Attila Fiola
26%
8 Callum McGregor
26%
2 César Azpilicueta
26%
5 Clément Lenglet
26%
18 Donyell Malen
26%
21 Elif Ełmas
26%
20 Joel Pohjanpalo
26%
6 Kacper Kozłowski
26%
9 Marcus Berg
26%
19 Mario Gavranović
26%
15 Mario Pašalić
26%
15 Marten de Roon
26%
19 Mason Mount
26%
14 Mateusz Klich
26%
15 Philipp Lienhart
26%
3 Silvan Widmer
26%
3 Victor Lindelöf
26%
Austria 1 Alexander Schlager
24%
4 Çağlar Söyüncü
24%
15 Christian Nørgaard
24%
22 Giacomo Raspadori
24%
22 Josip Juranović
24%
Holandia 1 Maarten Stekelenburg
24%
13 Matz Sels
24%
16 Ryan Gravenberch
24%
14 Steven Zuber
24%
5 Vladimír Coufal
24%
14 William Carvalho
24%
23 Xaver Schlager
24%
2 Ádám Lang
23%
23 Anatolij Trubin
23%
12 Andrij Piatow
23%
20 Diogo Dalot
23%
18 Jason Denayer
23%
8 João Moutinho
23%
22 Kevin Trapp
23%
18 Mislav Oršić
23%
2 Nélson Semedo
23%
9 Roman Jaremczuk
23%
12 Simon Mignolet
23%
Czechy 1 Tomáš Vaclík
23%
22 Ben White
21%
17 Daley Blind
21%
21 İrfan Kahveci
21%
2 Joachim Andersen
21%
26 João Palhinha
21%
7 John McGinn
21%
12 Karl-Johan Johnsson
21%
23 Michy Batshuayi
21%
20 Roland Sallai
21%
7 Steven Berghuis
21%
8 Thomas Delaney
21%
15 Wiktor Cyhankow
21%
24 Alessandro Florenzi
19%
17 Ante Rebić
19%
21 Ben Chilwell
19%
2 Chris Gunter
19%
26 Christian Günter
19%
23 Dawid Kownacki
19%
9 Fredrik Jensen
19%
6 Joe Rodon
19%
21 Mathias Jensen
19%
4 Matthias Ginter
19%
10 Thiago
19%
12 Yvon Mvogo
19%
14 Ante Budimir
18%
15 Djibril Sow
18%
12 Eric García
18%
8 Ezǵan Alioski
18%
26 Ivan Schranz
18%
19 Jonas Wind
18%
6 José Fonte
18%
2 Kevin Mbabu
18%
16 Matwiej Safonow
18%
13 Nikola Vlašić
18%
19 Orkun Kökçü
18%
8 Robin Lod
18%
2 Šime Vrsaljko
18%
16 Witalij Mykołenko
18%
12 Corentin Tolisso
16%
10 Florian Grillitsch
16%
13 Illa Zabarny
16%
17 Jens Stryger Larsen
16%
19 Juraj Kucka
16%
2 Kamil Piątkowski
16%
20 Kristoffer Olsson
16%
18 Lukáš Haraslín
16%
5 Stefan Posch
16%
13 Tim Krul
16%
22 Chris Mepham
15%
16 Conor Coady
15%
18 Daniel Wass
15%
14 Davy Klaassen
15%
15 Declan Gallagher
15%
12 Dénes Dibusz
15%
6 Dienis Czeryszew
15%
13 Greg Taylor
15%
Ukraina 1 Heorhij Buszczan
15%
24 Jack Hendry
15%
24 Kerem Aktürkoğlu
15%
7 Loïc Négo
15%
6 Ludwig Augustinsson
15%
Turcja 1 Mert Günok
15%
2 Peter Pekarík
15%
7 Robert Taylor
15%
15 Tyrone Mings
15%
17 Viktor Claesson
15%
3 Aleksandar Dragović
13%
4 Andreas Granqvist
13%
7 Antonín Barák
13%
7 Cengiz Ünder
13%
20 Christian Benteke
13%
19 David Brooks
13%
3 Denis Vavro
13%
17 Enis Bardhi
13%
19 Leander Dendoncker
13%
16 Lukas Klostermann
13%
13 Mathias Jørgensen
13%
22 Nacer Chadli
13%
20 Ołeksandr Zubkow
13%
12 Patrick van Aanholt
13%
11 Quincy Promes
13%
7 Robert Skov
13%
22 Robin Quaison
13%
8 Rusłan Malinowski
13%
8 Albin Ekdal
11%
Szkocja 1 David Marshall
11%
17 David Zima
11%
3 Jannik Vestergaard
11%
14 John Fleck
11%
25 Jordan Larsson
11%
14 José Gayà
11%
14 Julian Baumgartlinger
11%
12 Lovre Kalinić
11%
18 Lucas Digne
11%
22 Marco Bizot
11%
4 Martin Hinteregger
11%
25 Mert Müldür
11%
2 Mikael Lustig
11%
15 Niko Hämäläinen
11%
5 Owen Wijndal
11%
15 Ozan Kabak
11%
2 Pavel Kadeřábek
11%
9 Róbert Boženík
11%
7 Sebastian Larsson
11%
Macedonia 1 Stołe Dimitriewski
11%
17 Stuart Armstrong
11%
8 Thomas Lemar
11%
22 Valentino Lazaro
11%
8 Vladimír Darida
11%
22 Wissam Ben Yedder
11%
2 Zeki Çelik
11%
18 Admir Mehmedi
10%
21 Alex Král
10%
22 Anders Christiansen
10%
13 András Schäfer
10%
3 Borna Barišić
10%
12 Craig Gordon
10%
4 Dedryck Boyata
10%
17 Hans Vanaken
10%
3 Heorhij Sudakow
10%
13 Jonas Hofmann
10%
22 Kaan Ayhan
10%
5 Ľubomír Šatka
10%
17 Moussa Sissoko
10%
25 Rafael Tolói
10%
24 Robin Koch
10%
11 Ryan Christie
10%
15 Tomáš Hubočan
10%
7 Vladimír Weiss
10%
11 Yusuf Yazıcı
10%
12 Altay Bayındır
8%
24 Ben Cabango
8%
26 Bendegúz Bolla
8%
16 Christian Fassnacht
8%
16 Enes Ünal
8%
5 Grant Hanley
8%
25 James Forrest
8%
7 Josip Brekalo
8%
18 Jurij Żyrkow
8%
9 Kevin Volland
8%
16 Liam Cooper
8%
12 Lukáš Masopust
8%
9 Lyndon Dykes
8%
23 Marek Rodák
8%
11 Marlos
8%
17 Nikolai Alho
8%
21 Ołeksandr Karawajew
8%
6 Ozan Tufan
8%
23 Sam Johnstone
8%
5 Serhij Sydorczuk
8%
3 Thomas Vermaelen
8%
9 Tomáš Holeš
8%
6 Tomáš Kalas
8%
23 Uğurcan Çakır
8%
4 Wiaczesław Karawajew
8%
12 Dušan Kuciak
6%
17 Gonçalo Guedes
6%
16 Joe Morrell
6%
15 Kurt Zouma
6%
15 László Kleinheisler
6%
26 Luka Ivanušec
6%
24 Marcus Danielson
6%
19 Milan Badelj
6%
26 Miłan Ristowski
6%
11 Roman Zobnin
6%
20 Ryan Fraser
6%
26 Scott McKenna
6%
13 Stefan Ristowski
6%
16 Thomas Lam
6%
10 Tomáš Suslov
6%
5 Tom Lockyer
6%
20 Adama Traoré
5%
2 Andreas Ulmer
5%
Rosja 1 Anton Szunin
5%
13 Daniel Bachmann
5%
25 Eray Cömert
5%
17 Florian Neuhaus
5%
7 Gaetano Castrovilli
5%
16 Jonas Lössl
5%
19 Kevin Nisbet
5%
7 Magomied Ozdojew
5%
3 Marcel Halstenberg
5%
4 Martin Valjent
5%
20 Matěj Vydra
5%
11 Michael Krmenčík
5%
21 Michal Ďuriš
5%
22 Mykoła Matwijenko
5%
23 Nemanja Nikolić
5%
2 Paulus Arajuuri
5%
13 Petr Ševčík
5%
25 Robert Ivanov
5%
24 Szabolcs Schön
5%
23 Tomáš Koubek
5%
22 Ádám Bogdán
3%
9 Aleksandar Trajkowski
3%
18 Alessandro Schöpf
3%
5 Arijan Ademi
3%
23 Daler Kuziajew
3%
26 Dennis Praet
3%
23 Dylan Levitt
3%
16 Emil Krafth
3%
21 Endre Botka
3%
13 Fiodor Kudriaszow
3%
26 Halil Dervişoğlu
3%
4 Jakub Brabec
3%
14 Jakub Jankto
3%
2 Joël Veltman
3%
4 Joona Toivio
3%
26 Jordan Lotomba
3%
22 Jukka Raitala
3%
15 Ken Sema
3%
21 Lassi Lappalainen
3%
11 László Bénes
3%
26 Matthew Smith
3%
10 Mykoła Szaparenko
3%
22 Nathan Patterson
3%
13 Patrik Hrošovský
3%
5 Pierre Bengtsson
3%
18 Pontus Jansson
3%
25 Rubin Colwill
3%
4 Serhij Krywcow
3%
23 Simon Sluga
3%
6 Stefan Ilsanker
3%
2 Stephen O’Donnell
3%
15 Tihomir Kostadinow
3%
14 Tim Sparv
3%
20 Abdülkadir Ömür
2%
9 Aleksandr Sobolew
2%
20 Aleksiej Ionow
2%
16 Aleš Mandous
2%
22 Aleš Matějů
2%
5 Andriej Siemionow
2%
23 Anssi Jaakkola
2%
10 Anton Zabołotny
2%
19 Artem Biesiedin
2%
16 Boban Nikołow
2%
16 Christopher Trimmel
2%
22 Damjan Sziszkowski
2%
3 Daniel O’Shaughnessy
2%
21 Daniił Fomin
2%
14 Darko Wełkowski
2%
18 David Turnbull
2%
8 Dmitrij Barinow
2%
8 Dorukhan Toköz
2%
2 Eduard Sobol
2%
2 Egzon Bejtułai
2%
11 Ferhan Hasani
2%
14 Filip Helander
2%
11 Filip Holender
2%
14 Gieorgij Dżykija
2%
13 Gustav Svensson
2%
3 Igor Diwiejew
2%
18 Jan Bořil
2%
6 Ján Greguš
2%
18 Jere Uronen
2%
12 Jesse Joronen
2%
14 Jewhenij Makarenko
2%
19 Joni Kauko
2%
21 Jon McLaughlin
2%
12 Jurij Diupin
2%
20 Karim Onisiwo
2%
9 Kenan Karaman
2%
4 Kire Ristewski
2%
23 Kristoffer Nordfeldt
2%
19 Krste Wełkoski
2%
24 Léo Dubois
2%
5 Leo Väisänen
2%
17 Loris Benito
2%
26 Marcus Forss
2%
23 Marjan Radeski
2%
19 Mattias Svanberg
2%
26 Michal Sadílek
2%
16 Mile Škorić
2%
5 Okay Yokuşlu
2%
3 Ǵoko Zajkow
2%
3 Ondřej Čelůstka
2%
12 Pavao Pervan
2%
19 Pedro Gonçalves
2%
13 Pyry Soiri
2%
11 Rasmus Schüller
2%
19 Rifat Żemaletdinow
2%
12 Risto Jankow
2%
18 Roman Bezus
2%
24 Sérgio Oliveira
2%
20 Stefan Spirowski
2%
14 Taylan Antalyalı
2%
24 Tomáš Pekhart
2%
13 Umut Meraş
2%
6 Wisar Musliu
2%
18 Włatko Stojanowski
2%
3 Ákos Kecskés
0%
24 Bećir Omeragić
0%
24 Danieł Awramowski
0%
16 Dániel Gazdag
0%
25 Darko Czurlinow
0%
18 Dávid Sigér
0%
25 Denys Popow
0%
25 Dienis Makarow
0%
24 Domagoj Bradarić
0%
14 Gergő Lovrencsics
0%
7 Iwan Triczkowski
0%
25 Jakub Hromada
0%
25 Jakub Pešek
0%
26 Jens Cajuste
0%
17 Louis Schaub
0%
26 Maksim Muchin
0%
24 Martin Koscelník
0%
23 Nicolai Boilesen
0%
24 Ołeksandr Tymczyk
0%
24 Onni Valakari
0%
24 Roman Jewgienjew
0%
10 Tamás Cseri
0%
Nie znaleziono quizów pasujących do podanych kryteriów
Rozkład punktacji
Procent ludzi z każdym wynikiem
Percentyl według liczby udzielonych odpowiedzi
Twoja historia wyników
Nie rozwiązałeś tego quizu